| 000 | 00706nam a2200205 i 4500 | ||
|---|---|---|---|
| 001 | 43631 | ||
| 003 | ES-MaACL | ||
| 005 | 20230906160840.0 | ||
| 007 | t| | ||
| 008 | 030318s1884 sp ||||1| spa d | ||
| 100 | 1 |
_aCervera Baviera, Julio. _937637 |
|
| 245 | 1 | 0 |
_aGeografía militar de Marruecos / _cpor Julio Cervera Baviera. |
| 260 |
_aBarcelona : _bAdministración Militar de la Revista Científico-Militar, _c1884. |
||
| 300 |
_a192 p. : _b1 map. ; _c19 cm. |
||
| 490 | 1 | _aPublicaciones de la Revista Científico-Militar | |
| 651 | 4 |
_aMarruecos- _xDescripción. _99025 |
|
| 830 | 0 |
_aPublicaciones de la Revista Científico-Militar _9181177 |
|
| 852 |
_aES-MaACL _jG-9478 |
||
| 999 |
_c43631 _d43631 |
||